[Event "Croatian junior league 2021"]
[Site "Rabac"]
[Date "2021.04.07"]
[Round "3.22"]
[White "Jakovic, Roko"]
[Black "Sagovac, Kristijan"]
[Result "0-1"]
[WhiteElo "1846"]
[BlackElo "1920"]
[Annotator "TA"]
[PlyCount "96"]
[EventDate "2021.04.06"]
[EventType "swiss"]
[EventCountry "CRO"]
[SourceTitle "playchess.com"]
[Source "ChessBase"]
[SourceQuality "1"]

{[%evp 9,96,6,62,0,0,-41,-6,-31,-14,-20,15,-55,-56,-59,-55,-54,-32,-43,-33,-87,-90,-81,4,0,28,-11,19,-13,-17,-21,-2,-14,-22,-19,0,0,28,-78,-65,-344,-339,-348,-344,-350,-346,-339,-351,-335,-305,-300,-299,-343,-343,-313,-336,-334,-338,-346,-349,-375,-384,-384,-371,-391,-346,-1614,-1460,-1747,-1739,-1747,-1739,-1737,-1725,-1713,-1595,-1689,-1618,-29959,-6187,-29969,-29972,-29973,-29974,-29978,-29979,-29979,-29980,-29979,-29977]} 1. d4 Nf6 2. c4 e6 3. Nc3 Bb4 4. g3 c5 5. Nf3 Qa5 {[#]} (5... O-O $11) 6. Qc2 $146 {E20: Nimzo-Indian: 4 g3 and 4 f3.} (6. Bd2 $1 $14) ({Predecessor:} 6. Bd2 cxd4 7. Nxd4 Qc5 8. e3 O-O 9. a3 Bxc3 10. Bxc3 Nc6 11. b4 Qe7 12. Bg2 d5 13. O-O {0-1 (30) Lenaerts,L (2357)-Sevian,S (2660) chess.com INT 2020}) 6... d5 $11 7. Bd2 Nc6 8. e3 {The position is equal.} cxd4 9. exd4 Bd7 10. Bg2 (10. a3 $11) 10... dxc4 $15 11. O-O O-O 12. a3 Be7 (12... Bxc3 $5 13. bxc3 Rac8 $11) 13. Ne2 Qb6 14. Bc3 (14. Qxc4 $15 Rac8 15. Qd3) 14... Nd5 $17 15. Nd2 a5 ({Black should play} 15... Nxc3 $17 16. bxc3 Na5) 16. Nxc4 $11 Qc7 17. Ne5 b5 {Hoping for ...Nxe5.} 18. Nxd7 Qxd7 19. Qd3 Rab8 20. Rab1 b4 21. Bd2 bxa3 22. bxa3 Qd6 23. Bxd5 (23. Rbc1 $11 {remains equal.}) 23... Qxd5 $17 24. a4 $2 {[%mdl 8192] [#] Loses the game.} (24. Qc3 $15) 24... Ne5 $1 $19 {[%cal Re5d3][%mdl 576] Pin} 25. Nf4 (25. Nc3 Nxd3) 25... Nxd3 26. Nxd5 exd5 27. Bxa5 Nb2 28. Bc7 Rb7 29. Rfc1 Rb4 30. a5 Nc4 31. Rxb4 Bxb4 32. a6 Ra8 33. Rb1 Ba3 ({Worse is} 33... Rxa6 34. Rxb4 f6 35. Rb5 $11) 34. Rb8+ Rxb8 35. Bxb8 {[#] Black must now prevent Bc7.} Nb6 $1 36. Ba7 Nc8 37. Bc5 (37. Bb8) 37... Bxc5 38. dxc5 {[%mdl 4096] Endgame KN-KP} Kf8 39. Kf1 Ke7 40. Ke2 Kd7 41. Kd3 Kc6 42. Kd4 Na7 43. f4 Nb5+ 44. Kd3 Kxc5 {Black mates.} 45. g4 Kb6 46. h4 Kxa6 47. f5 Kb6 48. g5 g6 {Weighted Error Value: White=0.85/Black=0.18} 0-1

[Event "Croatian junior league 2021"]
[Site "Rabac"]
[Date "2021.04.07"]
[Round "3.23"]
[White "Martic, Filip"]
[Black "Veverec, Ivo"]
[Result "1/2-1/2"]
[WhiteElo "1756"]
[BlackElo "1786"]
[Annotator "NA RC"]
[PlyCount "83"]
[EventDate "2021.04.06"]
[EventType "swiss"]
[EventCountry "CRO"]
[SourceTitle "playchess.com"]
[Source "ChessBase"]
[SourceQuality "1"]
[TimeControl "5400+30"]

1. d4 {[%emt 0:00:00]} d5 {[%emt 0:00:00]} 2. Nf3 {[%emt 0:00:00]} Nf6 {[%emt 0:00:09]} 3. c4 {[%emt 0:00:31]} e6 {[%emt 0:00:07]} 4. Nc3 {[%emt 0:01:14]} c6 {[%emt 0:01:10]} 5. Qc2 {[%emt 0:02:21]} h6 {[%emt 0:11:56]} 6. cxd5 {[%emt 0:02:43]} exd5 {[%emt 0:00:43]} 7. Bf4 {[%emt 0:01:13]} Bd6 {[%emt 0:01:49]} 8. Bg3 {[%emt 0:03:04]} O-O {[%emt 0:06:18]} 9. e3 {[%emt 0:03:03]} Re8 {[%emt 0:04:25]} 10. Bd3 {[%emt 0:03:59]} a5 {[%emt 0:06:33]} 11. O-O {[%emt 0:08:28]} Na6 {[%emt 0:01:22]} 12. a3 {[%emt 0:02:32]} Nc7 {[%emt 0:05:31]} 13. Rab1 {[%emt 0:05:21]} Bxg3 {[%emt 0:02:50]} 14. hxg3 {[%emt 0:00:25]} Qe7 {[%emt 0:03:57]} 15. Rfc1 {[%emt 0:09:49]} Ne4 {[%emt 0:10:15]} 16. Na4 {[%emt 0:08:56]} Nd6 {[%emt 0:18:09]} 17. Nb6 {[%emt 0:03:23]} Ra7 {[%emt 0:10:41]} 18. b4 {[%emt 0:06:38]} axb4 {[%emt 0:03:09]} 19. axb4 {[%emt 0:00:15]} Ndb5 {[%emt 0:07:12]} 20. Nxc8 {[%emt 0:06:38]} Rxc8 {[%emt 0:00:00]} 21. Qc5 {[%emt 0:00:52]} Qxc5 {[%emt 0:00:00]} 22. bxc5 {[%emt 0:00:28]} f6 {[%emt 0:00:00]} 23. Nh4 {[%emt 0:03:03]} Ra3 {[%emt 0:00:00]} 24. Bxb5 {[%emt 0:02:08]} Nxb5 {[%emt 0:00:00]} 25. Nf5 {[%emt 0:00:08]} Rb8 {[%emt 0:00:00]} 26. Ra1 {[%emt 0:04:56]} Rba8 {[%emt 0:01:29]} 27. Rxa3 {[%emt 0:02:46]} Rxa3 {[%emt 0:00:07]} 28. Rb1 {[%emt 0:00:28]} Ra7 {[%emt 0:02:12]} 29. g4 {[%emt 0:03:33]} Kf7 {[%emt 0:00:26]} 30. Kh2 {[%emt 0:00:36]} Ra2 {[%emt 0:02:05]} 31. Kg3 {[%emt 0:00:29]} Ra7 {[%emt 0:00:36]} 32. Rb2 {[%emt 0:00:42]} Ra8 {[%emt 0:01:36]} 33. Rb3 {[%emt 0:02:17]} Ra7 {[%emt 0:00:07]} 34. f3 {[%emt 0:00:15]} Ra4 {[%emt 0:01:06]} 35. Kf4 {[%emt 0:04:47]} Ra7 {[%emt 0:00:46]} 36. Rb4 {[%emt 0:00:09]} Ra2 {[%emt 0:00:12]} 37. Kg3 {[%emt 0:00:23]} Ra3 {[%emt 0:00:20]} 38. Kf4 {[%emt 0:04:24]} Ra2 {[%emt 0:00:17]} 39. Kg3 {[%emt 0:02:32]} Ra3 {[%emt 0:00:02]} 40. Kf4 {[%emt 0:00:05]} Ra2 {[%emt 0:00:29]} 41. Kg3 Ra3 42. Kf4 {[%emt 0:00:48]} 1/2-1/2